The old roads of England /

Bibliographic Details
Main Author: Addison, William Wilkinson, Sir, 1905-
Format: Book
Language:English
Published: London : Batsford, 1980.
Subjects:

MARC

Tag First Indicator Second Indicator Subfields
LEADER 00000cam a2200000 a 4500
001 in00000084533
005 20151008061427.0
008 820310s1980 enkab b 00110 eng
010 |a  80154955  
015 |a GB*** 
020 |a 0713417145 :  |c 8.95 
035 |a (OCoLC)07561114 
035 |9 AAJ8038AM 
039 0 |a 2  |b 3  |c 3  |d 3  |e 3 
040 |a DLC  |c DLC  |d TXA  |d UtOrBLW 
043 |a e-uk-en 
049 |a TXAM  |c [1561378] 
050 0 0 |a HE363.G72  |b A32 
082 0 |a 388.1/0941  |2 19 
100 1 |a Addison, William Wilkinson,  |c Sir,  |d 1905- 
245 1 4 |a The old roads of England /  |c Sir William Addison. 
264 1 |a London :  |b Batsford,  |c 1980. 
300 |a 167 pages :  |b illustrations, maps ;  |c 26 cm. 
336 |a text  |b txt  |2 rdacontent 
337 |a unmediated  |b n  |2 rdamedia 
338 |a volume  |b nc  |2 rdacarrier 
500 |a Includes index. 
504 |a Bibliography: pages 155-157. 
650 0 |a Roads  |z England  |x History. 
999 |a MARS 
999 f f |s 28dd1039-0030-33ee-ae0b-e5fdaba8e796  |i c42a7ad8-1a39-3412-8e7e-eda3d6c9d58e  |t 0 
952 f f |p ric  |a Texas A&M University  |b Rellis Campus  |c Joint Library Facility  |d Remote Storage  |t 0  |e HE363.G72 A32  |h Library of Congress classification  |i unmediated -- volume  |m A14820758620 
998 f f |a HE363.G72 A32  |t 0  |l Remote Storage